| 000 | 00727nam a2200253Ia 4500 | ||
|---|---|---|---|
| 003 | OSt | ||
| 005 | 20221005093240.0 | ||
| 006 | a|||||r|||| 00| 0 | ||
| 007 | ta | ||
| 008 | 221004b |||||||| |||| 00| 0 eng d | ||
| 020 |
_a0679724699 (pbk) _c472.98 |
||
| 024 | _a89379 | ||
| 037 |
_b396, 04/02/2008, University Book House _cTextual |
||
| 040 |
_aCRL _cCRL _beng |
||
| 041 |
_2eng _aeng |
||
| 082 | _aS5:55, N0 | ||
| 100 | _aFoucault Michel | ||
| 245 | 0 | _aHistory and sexuality | |
| 260 |
_aNew York _bVintage Books USA _c1990 |
||
| 300 |
_a169p. _ccm. |
||
| 650 | _aPSYCHOLOGY | ||
| 942 |
_hS5:55, N0 _cTEXL _2cc |
||
| 999 |
_c1000062 _d1000062 |
||